Statistiche per Trasferimenti più costosi - Stagione 2014-2015

Clicka qui per fare il quiz!

Statistiche generali

  • Questo quiz è stato fatto 17 volte
  • Il punteggio medio è 10 su 21

Statistiche sulle risposte

Costo (M €)DaANazioneCalciatore% Corretto
81,72LiverpoolBarcellonaUruguayLuis Suárez
100%
42,50BarcellonaArsenalCileAlexis Sanchez
88%
75MonacoReal MadridColombiaJames Rodriguez
81%
31FiorentinaChelseaColombiaJuan Cuadrado
81%
35,36ChelseaEvertonBelgioRomelu Lukaku
81%
38Atletico MadridChelseaBrasile/SpagnaDiego Costa
75%
75Real MadridManchester UnitedArgentinaAngel Di Maria
63%
30Real SociedadAtletico MadridFranciaAntoine Griezmann
63%
49,50ChelseaParis Saint-GermainBrasileDavid Luiz
63%
25Bayern MonacoReal MadridGermaniaToni Kroos
56%
45PortoManchester CityFranciaEliaquim Mangala
44%
33BarcellonaChelseaSpagnaCesc Fabregas
38%
25,30SouthamptonLiverpoolCroaziaDejan Lovren
38%
37,50SouthamptonManchester UnitedInghilterraLuke Shaw
38%
36Athletic BilbaoManchester UnitedSpagnaAnder Herrera
25%
25BenficaLIverpoolSerbiaLazar Markovic
25%
32,30Swansea CityManchester CityCosta d'AvorioWilfried Bony
25%
32ChelseaWolsfburgGermaniaAndré Schürrle
19%
31SouthamptonLiverpoolInghilterraAdam Lallana
13%
28RomaBayern MonacoMaroccoMedhi Benatia
13%
25BenficaValenciaArgentinaEnzo Pérez
0%

Distribuzione punteggi

Percentile per numero di risposta

Percentuale di utenti per punteggio

I tuoi punteggi nel tempo

Non hai fatto questo quiz